Empoli FC Squad 2023-2024 - Statistics

General Stats
  • This quiz has been taken 79 times
    57 since last reset
  • The average score is 18 of 34
Answer Stats
# Position Nation Player % Correct
25 GK Italy Elia Caprile
85%
18 MF Romania Răzvan Marin
85%
9 FW Italy Francesco Caputo
79%
13 DF New Zealand Liberato Cacace
79%
33 DF Italy Sebastiano Luperto
79%
99 GK Albania Etrit Berisha
76%
34 DF Albania Ardian Ismajli
71%
- Coach Italy Davide Nicola
71%
- Coach Italy Paolo Zanetti
71%
11 FW Ghana Emmanuel Gyasi
68%
24 DF Nigeria Tyronne Ebuehi
68%
8 MF Ukraine Viktor Kovalenko
68%
35 MF Italy Tommaso Baldanzi
65%
28 FW Italy Nicolò Cambiaghi
59%
29 MF Morocco Youssef Maleh
59%
20 FW Italy Matteo Cancellieri
56%
4 DF Poland Sebastian Walukiewicz
56%
5 MF Italy Alberto Grassi
53%
17 FW Italy Alberto Cerri
50%
- Coach Italy Aurelio Andreazzoli
50%
19 DF Poland Bartosz Bereszyński
44%
3 DF Italy Giuseppe Pezzella
44%
21 MF Italy Jacopo Fazzini
44%
23 FW Italy Mattia Destro
44%
10 FW Senegal M'Baye Niang
44%
1 GK Italy Samuele Perisan
41%
7 FW Albania Stiven Shpendi
41%
2 DF Georgia Saba Goglichidze
35%
30 MF Italy Simone Bastoni
35%
27 MF Italy Daniel Maldini
18%
22 MF Italy Filippo Ranocchia
18%
27 MF Poland Szymon Żurkowski
18%
14 DF Italy Gabriele Guarino
12%
40 GK Slovenia Lovro Štubljar
12%
No matching quizzes found
Score Distribution
Percent of People with Each Score
Percentile by Number Answered
Your Score History
You have not taken this quiz since the last reset